000 00644nam a22002177a 4500
003 LC
005 20170213151804.0
008 170201b xxu||||| |||| 00| 0 eng d
020 _a9781403932105
050 _aJX 1395 H62 2015
100 _aHeywood, Andrew
245 _aKey concepts in politics and international relations /
_cAndrew Heywood
250 _aSecond ed.
260 _aBasingstoke :
_bPalgrave ,
_c2015
300 _axiv, 260 pages :
_bill. ;
_c24 cm.
440 _aPalgrave key concepts.
500 _aIncludes index and bibliography
650 _aWorld politics
650 _aInternational relations
942 _2lcc
_cBK
999 _c305404
_d305404